000 00428nam a2200157 i 4500
001 104645
003 ES-MaACL
005 20230906183644.0
007 t|
008 051207s1970 sp ||||1| cat d
100 1 _aMir, José María.
_981421
245 1 0 _aNova verba latina /
_cJosephi Mariae Mir...
260 _aBarcelona :
_bClaret,
_c1970.
300 _a333 p. :
_bil. ;
_c25 cm.
852 _aES-MaACL
_jC-37656
_bR.79748
999 _c104645
_d104645